| 000 | nam a22 7a 4500 | ||
|---|---|---|---|
| 999 |
_c97602 _d97602 |
||
| 005 | 20200131123347.0 | ||
| 008 | 200127b mx ||||| |||| 00| 0 spa d | ||
| 020 | _a9684762232 | ||
| 050 | 0 | 4 |
_aK339 _bG37 1994 |
| 100 | 1 | _aGarcía Máynez, Eduardo | |
| 245 | 1 | 3 |
_aImportancia de la teoría jurídica pura _c / Eduardo García Máynez |
| 250 | _a1a ed. | ||
| 260 |
_aMéxico : _bDistribuciones Fontamara, _c1994 |
||
| 300 |
_a42 p. ; _c21 cm. |
||
| 490 | 0 |
_aFontamara ; _v165. |
|
| 504 | _aIncluye bibliografía | ||
| 650 | 7 |
_2lemb _aPositivismo legal |
|
| 650 | 7 |
_2lemb _aDerecho _xFilosofía |
|
| 942 |
_2lcc _cLIB |
||